| 000 | 00858nam a2200265Ia 4500 | ||
|---|---|---|---|
| 003 | OSt | ||
| 005 | 20220918230827.0 | ||
| 006 | a|||||r|||| 00| 0 | ||
| 007 | ta | ||
| 008 | 220917b |||||||| |||| 00| 0 eng d | ||
| 020 | _c290 | ||
| 024 | _a260,027 | ||
| 037 |
_b231, 29/09/2011, Eastern Book Linkers _cTextual |
||
| 040 |
_aARTS _cARTS _beng |
||
| 041 |
_2eng _aeng |
||
| 082 | _aQ125:4x6,1k, 15P8.10(RR) | ||
| 100 |
_aBhatta Lakshminarasimha Ed. _9153323 |
||
| 245 | 0 | _aVaikhanasagama kosa | |
| 260 |
_aTirupati _bRashtriya Sanskrit University India _c2009 |
||
| 300 |
_a273p. _ccm. |
||
| 490 | _aRashtriya Sanskrit university publication; 185 | ||
| 650 | _aRELIGION | ||
| 942 |
_hQ125:4x6,1k, 15P8.10(RR) _cTEXL _2CC |
||
| 999 |
_c289054 _d289054 |
||